Holiness: It's nature hindrance difficulties and roots (Record no. 3758)
[ view plain ]
| 000 -LEADER | |
|---|---|
| fixed length control field | 00384nam a22001457a 4500 |
| 008 - FIXED-LENGTH DATA ELEMENTS--GENERAL INFORMATION | |
| fixed length control field | 250604b |||||||| |||| 00| 0 eng d |
| 020 ## - INTERNATIONAL STANDARD BOOK NUMBER | |
| ISBN | 9781907406102 |
| 100 ## - MAIN ENTRY--AUTHOR | |
| Author | Ryle J.C |
| 245 ## - TITLE STATEMENT | |
| Title | Holiness: It's nature hindrance difficulties and roots |
| 260 ## - PUBLICATION, DISTRIBUTION, ETC. (IMPRINT) | |
| Place of publication | Ireland |
| Name of publisher | Revival publishing |
| Date of publication | 2010 |
| 300 ## - COLLATION | |
| Pagination | 414p |
| Other physical details | ill; |
| 650 ## - TRACINGS | |
| Main Subject | holiness |
| 942 ## - ADDED ENTRY ELEMENTS (KOHA) | |
| Item type | Books |
| 050 ## - LIBRARY OF CONGRESS CALL NUMBER | |
| Classification number | BT 767 |
| Item number | .R 95 |
| Source of classification or shelving scheme | Not for loan | Permanent location | Current location | Date acquired | Accession No. | Full call number | Barcode. | Koha item type |
|---|---|---|---|---|---|---|---|---|
| Library of Congress Classification | Samuel Ogbemudia Main Library, University of Abuja | Samuel Ogbemudia Main Library, University of Abuja | 06/04/2025 | 2025/64888-89 | BT 767.R 95 | 2025-2335 | Books | |
| Library of Congress Classification | Samuel Ogbemudia Main Library, University of Abuja | Samuel Ogbemudia Main Library, University of Abuja | 06/04/2025 | 2025/64888-89 | BT 767.R 95 | 2025-2336 | Books |